Your tomorrows can be different from your yesterdays / (Record no. 3046)

MARC details
000 -LEADER
fixed length control field 00942nam a2200277 a 4500
001 - CONTROL NUMBER
control field 4458444
003 - CONTROL NUMBER IDENTIFIER
control field GBCCL
005 - DATE AND TIME OF LATEST TRANSACTION
control field 20241126110446.0
008 - FIXED-LENGTH DATA ELEMENTS--GENERAL INFORMATION
fixed length control field 950407s1995 miu b 000 0 eng
010 ## -
-- 95138453
020 ## - INTERNATIONAL STANDARD BOOK NUMBER
International Standard Book Number 0800755502
040 ## - CATALOGING SOURCE
Original cataloging agency DLC
Transcribing agency DLC
050 00 -
-- BV4501.2
-- .W733 1995
082 00 - DEWEY DECIMAL CLASSIFICATION NUMBER
Classification number 248.4
Edition information 20
Item number WRI
100 1# - MAIN ENTRY--PERSONAL NAME
Personal name Wright, H. Norman.
9 (RLIN) 714
245 10 - TITLE STATEMENT
Title Your tomorrows can be different from your yesterdays /
Statement of responsibility, etc. H. Norman Wright.
260 ## - PUBLICATION, DISTRIBUTION, ETC.
Place of publication, distribution, etc. Grand Rapids, Mich. :
Name of publisher, distributor, etc. F.H. Revell,
Date of publication, distribution, etc. c1995.
300 ## - PHYSICAL DESCRIPTION
Extent 232 p. ;
Dimensions 22 cm.
500 ## - GENERAL NOTE
General note Rev. ed. of: Chosen for blessing.
504 ## - BIBLIOGRAPHY, ETC. NOTE
Bibliography, etc. note Includes bibliographical references (p. 229-232).
650 #0 - SUBJECT ADDED ENTRY--TOPICAL TERM
Topical term or geographic name entry element Christian life.
9 (RLIN) 183
700 1# - ADDED ENTRY--PERSONAL NAME
Personal name Wright, H. Norman.
Title of a work Chosen for blessing.
9 (RLIN) 6320
906 ## - LOCAL DATA ELEMENT F, LDF (RLIN)
a 7
b cbc
c orignew
d 3
e ncip
f 19
g y-gencatlg
942 ## - ADDED ENTRY ELEMENTS (KOHA)
Source of classification or shelving scheme Dewey Decimal Classification
Koha item type Books
Koha issues (borrowed), all copies 1
Holdings
Withdrawn status Lost status Source of classification or shelving scheme Damaged status Not for loan Home library Current Library Shelving location Date acquired Total checkouts Full call number Barcode Date last seen Date last checked out Copy number Price effective from Koha item type
    Dewey Decimal Classification     GRACE BIBLE COLLEGE GRACE BIBLE COLLEGE Ministry & Mission 2017-10-16 1 248.4 WRI 008490 2025-05-01 2023-07-21 c.1 2017-10-16 Books
© Grace Bible College Library 2025